| 000 | 00516nam a2200181 i 4500 | ||
|---|---|---|---|
| 001 | 95340 | ||
| 003 | ES-MaACL | ||
| 005 | 20250627172303.0 | ||
| 007 | t| | ||
| 008 | 050526s1930 fr ||||1| fre d | ||
| 100 | 1 |
_aLyonnet, Henry. _974954 |
|
| 245 | 1 | 3 |
_aLa Dame aux Camélias d'Alexandre Dumas Fils / _cHenry Lyonnet. |
| 260 |
_aParis, _c1930 ( _fF. Paillart) |
||
| 300 |
_a147 p. ; _c19 cm. |
||
| 700 | 1 |
_aDumas, Alexandre, _d1824-1895 _9241136 |
|
| 852 |
_aES-MaACL _jA-3057 |
||
| 999 |
_c95340 _d95340 |
||